000 00549nam a22001817a 4500
005 20251108173203.0
008 250721s1988 xx 000 0 ara d
082 1 4 _a618.92/محس
100 1 _aمحسن، خليل
245 1 0 _aالصداع عند الأطفال و الأولاد أسبابه و طرق علاجه /
264 1 _aبيروت :
_bدار الكتب العلمية،
_c1988.
300 _a127 ص.
650 1 7 _aأمراض الأطفال
650 1 7 _aالطب
650 1 7 _aالصداع
942 _2ddc
_cBK
999 _c98065
_d98065